000 00759nam a2200253 i 4500
001 C2-0301069
003 PPAK
005 20180728082446.0
008 091202s2005 my a|||| ||||| | may d
020 _a9833255116
040 _aPPAK
_beng
_cPPAK
_erda
082 0 4 _a398.2
_223
090 0 0 _a398.2
_bKOL
_dK
245 0 0 _aKoleksi cerita dongeng yang indah
264 1 _aBatu Caves, Selangor :
_bKiddibird ,
_c2005
300 _a[various pages] :
_bcolour illustrations ;
_c26 cm
336 _2rdacontent
_atext
337 _2rdamedia
_aunmediated
338 _2rdacarrier
_avolume
490 1 _aKoleksi cerita dongeng yang mempersonakan
650 1 0 _aFolk literature, Malay.
830 0 _aKoleksi cerita dongeng yang mempersonakan
942 _ddc
_cB
999 _c104892
_d104892